[Event "Ch City (open)"]
[Site "masterchessopen.com Cologne (Germany)"]
[Round "4"]
[White "Cmiel Thorsten (GER)"]
[Black "Schwab Thomas (GER)"]
[Result "1-0"]
[WhiteElo "2237"]
[BlackElo "2108"]

1.Nf3 Nf6 2.c4 g6 3.Nc3 d6 4.d4 Bg7 5.e4 O-O 6.Be2 e5 7.O-O Nc6 8.d5 Ne7 9.Ne1
Ne8 10.f3 f5 11.g4 fxg4 12.fxg4 Rxf1+ 13.Kxf1 c6 14.Be3 c5 15.Nd3 Bd7 16.a3
Kh8 17.b4 b6 18.Nf2 Ng8 19.g5 h5 20.Bxh5 {#r} 1-0

[Event "Ch City (open)"]
[Site "masterchessopen.com Frankfurt (Germany)"]
[Round "5"]
[White "Geringer Waldemar (GER)"]
[Black "Waschke Thomas"]
[Result "1-0"]
[WhiteElo "1952"]
[BlackElo "1641"]

1.d4 Nf6 2.c4 g6 3.Nc3 Bg7 4.e4 d6 5.Nf3 O-O 6.Be2 e5 7.O-O Nc6 8.d5 Ne7 9.Ne1
Bd7 10.Be3 Qc8 11.b4 b6 12.c5 bxc5 13.bxc5 Rb8 14.c6 Be8 15.Bxa7 Ra8 16.Be3 h5
17.a4 Nh7 18.a5 f5 19.f3 Bf7 20.a6 f4 21.Bf2 Bf6 22.a7 Kh8 23.Ba6 Qd8 24.Bb7
g5 25.Qb3 g4 26.Bxa8 Qxa8 27.Qb7 gxf3 28.Nxf3 Ng5 29.Nxg5 Bxg5 30.Nb5 {#r} 1-0

[Event "Ch City (open)"]
[Site "masterchessopen.com Gdansk (Poland)"]
[Date "2012.07.29"]
[Round "9"]
[White "Wozniak Konrad"]
[Black "Grabarczyk Sylwester (CZE)"]
[Result "0-1"]
[WhiteElo "1595"]
[BlackElo "1746"]

1.d4 Nf6 2.c4 g6 3.Nc3 Bg7 4.e4 d6 5.Nf3 O-O 6.Be2 e5 7.O-O Nc6 8.d5 Ne7 9.Ne1
Ne8 10.b4 f5 11.Nd3 fxe4 12.Nxe4 Nf5 13.Bg5 Nf6 14.Nxf6+ Bxf6 15.Bxf6 Qxf6
16.Nc1 e4 17.Nb3 Qg5 18.Qc1 e3 19.fxe3 Nxe3 20.Rxf8+ Kxf8 21.Qd2 Qxg2# 0-1

[Event "Ch City (open)"]
[Site "masterchessopen.com Munich (Germany)"]
[Date "2011.09.25"]
[Round "9"]
[White "Deglmann Ludwig (GER)"]
[Black "Shahin Walid (GER)"]
[Result "1-0"]
[WhiteElo "2335"]
[BlackElo "2093"]

1.Nf3 Nf6 2.c4 g6 3.Nc3 Bg7 4.e4 d6 5.d4 O-O 6.Be2 e5 7.O-O Nc6 8.d5 Ne7 9.Ne1
Ne8 10.Nd3 f5 11.f4 exf4 12.Bxf4 Nf6 13.e5 Ne4 14.e6 b5 15.Nxe4 fxe4 16.Nb4 a5
17.Nc2 bxc4 18.Bxc4 Rb8 19.b3 Nf5 20.Rc1 g5 21.Bd2 c6 22.Qg4 Qb6+ 23.Kh1 e3
24.Nxe3 Nxe3 25.Rxf8+ Kxf8 26.Qf3+ {#r} 1-0

[Event "Ch Colombia (team)"]
[Site "masterchessopen.com Bogota (Colombia)"]
[Date "2010.10.16"]
[Round "4"]
[White "Tapia Daniel (COL)"]
[Black "Ramirez Daza Diego (COL)"]
[Result "0-1"]
[WhiteElo "2315"]
[BlackElo "2152"]

1.d4 Nf6 2.c4 g6 3.Nc3 Bg7 4.e4 d6 5.Nf3 O-O 6.Be2 e5 7.O-O Nc6 8.d5 Ne7 9.Ne1
Ne8 10.Be3 f5 11.f3 f4 12.Bf2 g5 13.Nd3 Kh8 14.c5 Ng6 15.a4 Rg8 16.a5 h5 17.a6
b6 18.cxb6 cxb6 19.Nb4 Nf6 20.Nc6 Qd7 21.Kh1 Bh6 22.Qb3 g4 23.Nb5 g3 24.Bg1
Nh4 25.hxg3 Rxg3 26.Rf2 Nxe4 {#R} 0-1

[Event "Ch Commonwealth"]
[Site "masterchessopen.com Nagpur (India)"]
[Date "2008.09.28"]
[Round "1"]
[White "Suvrajit Saha (IND)"]
[Black "Satvik M (IND)"]
[Result "1-0"]
[WhiteElo "2367"]
[BlackElo "1880"]

1.d4 Nf6 2.Nf3 g6 3.c4 Bg7 4.Nc3 O-O 5.e4 d6 6.Be2 e5 7.O-O Nc6 8.d5 Ne7 9.Ne1
Ne8 10.Be3 f5 11.f3 f4 12.Bf2 g5 13.c5 h5 14.a4 Ng6 15.a5 a6 16.b4 Nf6 17.cxd6
cxd6 18.Na4 Nd7 19.Rc1 Rf6 20.Rc3 Ngf8 21.Qc2 Rg6 22.h3 Nh7 23.Nd3 Nhf6 24.Rc1
Bf8 25.Rxc8 Rxc8 26.Qxc8 Qxc8 27.Rxc8 g4 28.hxg4 hxg4 29.Rc7 g3 30.Ba7 Rg7
31.Rxb7 Ne8 32.Nb6 Nxb6 33.Rxg7+ Nxg7 34.axb6 {#r} 1-0

[Event "Ch Commonwealth"]
[Site "masterchessopen.com Nagpur (India)"]
[Date "2008.10.02"]
[Round "6"]
[White "Ghosh Diptayan (IND)"]
[Black "Annurudha G C (SRI)"]
[Result "0-1"]
[WhiteElo "2041"]
[BlackElo "2212"]

1.d4 Nf6 2.c4 g6 3.Nf3 Bg7 4.Nc3 d6 5.e4 O-O 6.Be2 e5 7.O-O Nc6 8.d5 Ne7 9.Ne1
Ne8 10.Be3 f5 11.f3 f4 12.Bf2 g5 13.b4 Rf6 14.c5 Rh6 15.cxd6 cxd6 16.Rc1 Bd7
17.a4 a6 18.Nd3 Nf6 19.Re1 Qe8 20.Bf1 g4 21.fxg4 Nxg4 22.h3 Nf6 23.Be2 Qg6
24.Kh2 Kh8 25.Bf3 Rg8 26.Rg1 Ng4+ 27.Kh1 Ne3 28.Bxe3 Bxh3 29.g3 Bf1+ {#R} 0-1

[Event "Ch Croatia (team) (3rd league)"]
[Site "masterchessopen.com Zagreb (Croatia)"]
[Date "2009.10.04"]
[Round "9"]
[White "Okrosa Marijan (CRO)"]
[Black "Mesaric Darko (CRO)"]
[Result "0-1"]
[WhiteElo "2102"]
[BlackElo "2005"]

1.d4 Nf6 2.Nf3 g6 3.c4 d6 4.Nc3 Bg7 5.e4 O-O 6.Be2 e5 7.O-O Nc6 8.d5 Ne7 9.Ne1
Ne8 10.f3 f5 11.Be3 f4 12.Bf2 Rf7 13.Nd3 g5 14.Rc1 Bf8 15.c5 h5 16.cxd6 cxd6
17.Qb3 Ng6 18.Nb5 g4 19.Nxa7 g3 20.Bb6 Qh4 21.Rfd1 Qxh2+ 22.Kf1 Qh1+ 23.Bg1
Nh4 24.Ne1 Bh3 25.Qb6 Bxg2+ 26.Nxg2 Qxg2+ 27.Ke1 Nxf3+ 28.Bxf3 Qxf3 {#R} 0-1

[Event "Ch Cuba (juniors)"]
[Site "masterchessopen.com San Nicolas de Bari (Cuba)"]
[Date "2012.04.16"]
[Round "3"]
[White "Piedra Salabarria Ernesto (CUB)"]
[Black "Fernandez Guillen Ernesto (CUB)"]
[Result "1-0"]
[WhiteElo "2055"]
[BlackElo "2156"]

1.d4 Nf6 2.c4 g6 3.Nc3 Bg7 4.e4 d6 5.Nf3 O-O 6.Be2 e5 7.O-O Nc6 8.d5 Ne7 9.Ne1
Ne8 10.f3 f5 11.g4 f4 12.h4 Kf7 13.Bd2 Ng8 14.Ng2 h5 15.g5 Qd7 16.Rf2 Ne7
17.Bf1 Kg8 18.Ne1 Rf7 19.b4 Kh8 20.Rh2 Bf8 21.Nd3 Ng8 22.Be1 Be7 23.Qc2 Ng7
24.c5 c6 25.Rd1 Qc7 26.Rhd2 a5 27.a3 axb4 28.axb4 Rf8 29.Bf2 Bg4 30.Ne1 Qc8
31.cxd6 Bxd6 32.dxc6 Be7 33.Nd5 Bd8 34.c7 {#r} 1-0

[Event "Ch Cuba (juniors)"]
[Site "masterchessopen.com San Nicolas de Bari (Cuba)"]
[Date "2012.04.18"]
[Round "7"]
[White "Fernandez Mayola Reynold Rafael (CUB)"]
[Black "Marrero Fernandez Ahmed (CUB)"]
[Result "0-1"]
[WhiteElo "2130"]
[BlackElo "2037"]

1.d4 Nf6 2.c4 g6 3.Nc3 Bg7 4.e4 d6 5.Nf3 O-O 6.Be2 e5 7.O-O Nc6 8.d5 Ne7 9.Ne1
Ne8 10.Nd3 f5 11.Bd2 f4 12.f3 g5 13.g4 fxg3 14.hxg3 Ng6 15.Kg2 h5 16.Rh1 h4
17.g4 Nf4+ 18.Kh2 Rf7 19.Rf1 Bf8 20.Bxf4 gxf4 21.c5 Qg5 22.cxd6 cxd6 23.Rh1
Nf6 24.Nf2 Nh5 25.Rg1 {#R} 0-1

[Event "Ch Czech Chess Union (open)"]
[Site "masterchessopen.com Prague (Czech Republic)"]
[Round "2"]
[White "Pribyl Martin (CZE)"]
[Black "Adamek Zdenek (CZE)"]
[Result "1-0"]
[WhiteElo "2390"]
[BlackElo "2252"]

1.d4 Nf6 2.c4 g6 3.Nc3 Bg7 4.e4 d6 5.Nf3 O-O 6.Be2 e5 7.O-O Nc6 8.d5 Ne7 9.Ne1
Ne8 10.Be3 f5 11.f3 f4 12.Bf2 h5 13.a4 g5 14.Nb5 Nf6 15.Nxa7 Bd7 16.c5 g4
17.c6 bxc6 18.Nxc6 Nxc6 19.dxc6 Bxc6 20.Qc2 Bd7 21.Nd3 Ne8 22.Kh1 Qg5 23.Rfd1
g3 24.Bg1 h4 25.Nc5 dxc5 26.Rxd7 Nf6 27.Rxc7 h3 28.Bc4+ Kh8 29.Be6 Nxe4
30.Qxe4 hxg2+ 31.Kxg2 gxh2+ 32.Bg4 hxg1=Q+ 33.Rxg1 Rf6 {#r} 1-0

[Event "Ch Czech Republic (juniors) (under 14)"]
[Site "masterchessopen.com Kouty nad Desnou (Czech Republic)"]
[Date "2009.03.14"]
[Round "9"]
[White "Kriebel Tadeas (CZE)"]
[Black "Otradovec Lubos (CZE)"]
[Result "1-0"]
[WhiteElo "2140"]
[BlackElo "1894"]

1.d4 Nf6 2.c4 g6 3.Nc3 Bg7 4.e4 d6 5.Nf3 O-O 6.Be2 e5 7.O-O Nc6 8.d5 Ne7 9.Ne1
Ne8 10.Nd3 f5 11.f3 f4 12.Bd2 g5 13.c5 Rf7 14.Rc1 h5 15.cxd6 cxd6 16.Nf2 Bf8
17.a4 Rg7 18.Nb5 Ng6 19.Rc3 a6 20.Na3 Nf6 21.h3 Nh4 22.Rb3 g4 23.fxg4 hxg4
24.Bxg4 Nxg4 25.Nxg4 Bxg4 26.hxg4 Qd7 27.Be1 Rxg4 28.Bxh4 Rxh4 29.Rff3 Qxa4
30.Rg3+ Kh8 31.Rh3 Be7 32.Rxh4+ Bxh4 33.Qh5+ Kg8 34.Rxb7 Qd4+ 35.Kh1 {#r} 1-0

[Event "Ch Czech Republic (open)"]
[Site "masterchessopen.com Luhacovice (Czech Republic)"]
[Round "0"]
[White "Jerabek Petr (CZE)"]
[Black "Sleich Jan (CZE)"]
[Result "0-1"]
[WhiteElo "2219"]
[BlackElo "2205"]

1.d4 Nf6 2.c4 g6 3.Nc3 Bg7 4.e4 d6 5.Nf3 O-O 6.Be2 e5 7.O-O Nc6 8.d5 Ne7 9.Ne1
Ne8 10.Be3 f5 11.f3 f4 12.Bf2 g5 13.c5 Rf7 14.Rc1 Bf8 15.b4 h5 16.h3 Rg7
17.cxd6 cxd6 18.Nb5 g4 19.fxg4 hxg4 20.hxg4 Ng6 21.Nxa7 Bd7 22.b5 Be7 23.b6
Bh4 24.Qb3 Rh7 25.Nf3 Bg3 26.Nc6 Qf6 27.Nfxe5 Rh1+ {#R} 0-1

[Event "Ch Denmark (qual)"]
[Site "masterchessopen.com Randers (Denmark)"]
[Round "0"]
[White "Christensen Bent (DEN)"]
[Black "Larsen Flemming Bo (DEN)"]
[Result "1-0"]
[WhiteElo "2031"]
[BlackElo "2232"]

1.d4 Nf6 2.c4 g6 3.Nc3 Bg7 4.e4 d6 5.Nf3 O-O 6.Be2 Nc6 7.O-O e5 8.d5 Ne7 9.Ne1
c5 10.Nd3 Ne8 11.Rb1 h6 12.b4 b6 13.a4 f5 14.f3 Nf6 15.Nf2 f4 16.Bd2 h5 17.Qc2
g5 18.h3 Rf7 19.a5 Bf8 20.bxc5 bxc5 21.Rfc1 Rg7 22.Qd1 Ng6 23.Ra1 Nh4 24.Be1
Qe8 25.Ra2 Qg6 26.Rb1 g4 27.fxg4 hxg4 28.hxg4 Nxg2 29.Kxg2 Nxg4 30.Nxg4 Bxg4
31.Bxg4 Qh5 32.Kg1 Qh3 33.Rg2 Qe3+ 34.Bf2 {#r} 1-0

[Event "Ch Denmark (team) 1996/97"]
[Site "masterchessopen.com Denmark"]
[Round "6"]
[White "Abildlund Jens (DEN)"]
[Black "Ejsing Esben (DEN)"]
[Result "0-1"]
[WhiteElo "2185"]
[BlackElo "2092"]

1.d4 Nf6 2.Nf3 g6 3.c4 Bg7 4.Nc3 O-O 5.e4 d6 6.Be2 e5 7.O-O Nc6 8.d5 Ne7 9.Ne1
Kh8 10.Nd3 Nfg8 11.Be3 Bh6 12.f4 f5 13.Qd2 fxe4 14.Nxe4 Nf5 15.Bf2 Qe7 16.Qc3
Nd4 17.Ng3 Bg7 18.Rae1 c5 19.fxe5 dxe5 20.Ne4 b6 21.Bd1 Bf5 22.Bg3 Rae8 23.a3
h5 24.Ba4 h4 25.Bf2 h3 26.Bxe8 hxg2 27.Kxg2 Rxe8 28.Bg3 Qd7 29.Ndf2 Nh6 30.Bh4
Rf8 31.Qg3 Qa4 32.Bg5 Qc2 33.Qh4 Nf3 34.Kxf3 Bxe4+ 35.Ke3 Rf3# 0-1

[Event "Ch England (team) 2009/10 (3 div)"]
[Site "masterchessopen.com England"]
[Date "2009.10.25"]
[Round "2"]
[White "Crombleholme Alan (ENG)"]
[Black "Cooley Oliver Jn (ENG)"]
[Result "1-0"]
[WhiteElo "2094"]
[BlackElo "2131"]

1.d4 Nf6 2.c4 g6 3.Nc3 Bg7 4.e4 d6 5.Be2 O-O 6.Nf3 e5 7.O-O Nc6 8.d5 Ne7 9.Ne1
Ne8 10.Nd3 c5 11.f4 exf4 12.Bxf4 Bd4+ 13.Kh1 f5 14.e5 dxe5 15.Bxe5 Bxe5
16.Nxe5 Qc7 17.Nf3 Nd6 18.Qd2 b5 19.cxb5 Bb7 20.Rad1 Rfd8 21.Ng5 Qd7 22.Ne6
Rdc8 23.Qe3 Ne4 24.Nxe4 fxe4 25.Nxc5 Nf5 26.Rxf5 Rxc5 27.Qxc5 gxf5 28.d6 Rc8
29.Bc4+ Kg7 30.Qe5+ Kg6 31.Be6 {#r} 1-0

[Event "Ch Europe (juniors) (under 14)"]
[Site "masterchessopen.com Prague (Czech Republic)"]
[Date "2012.08.18"]
[Round "2"]
[White "Grigorian Spartak (GER)"]
[Black "Taylor Adam C (ENG)"]
[Result "1-0"]
[WhiteElo "2107"]
[BlackElo "1962"]

1.d4 Nf6 2.c4 g6 3.Nc3 Bg7 4.e4 d6 5.Nf3 O-O 6.Be2 e5 7.O-O Nc6 8.d5 Ne7 9.Ne1
Ne8 10.Be3 f5 11.f3 f4 12.Bf2 g5 13.c5 Kh8 14.a4 Ng8 15.a5 Rf6 16.Nb5 a6
17.Na3 Rh6 18.Nc4 Qe7 19.cxd6 Nxd6 20.Rc1 Qf7 21.g4 fxg3 22.Bxg3 Rh3 23.Nd3
Nxc4 24.Rxc4 c6 25.Qc1 Ne7 26.Qxg5 h6 27.Nxe5 Qe8 28.Qxe7 Qh5 29.Ng4 Qg6
30.Qd6 Qh5 31.Nf6 Bxf6 32.Qxf6+ Kh7 33.Be5 {#r} 1-0

[Event "Ch Europe (juniors) (under 18)"]
[Site "masterchessopen.com Zagan (Poland)"]
[Round "5"]
[White "Petersen Tom Petri (DEN)"]
[Black "Gulbas Cemil (BEL)"]
[Result "0-1"]
[WhiteElo "2331"]
[BlackElo "2387"]

1.d4 Nf6 2.c4 g6 3.Nc3 Bg7 4.e4 d6 5.Nf3 O-O 6.Be2 e5 7.O-O Nc6 8.d5 Ne7 9.Ne1
Ne8 10.f3 f5 11.Nd3 f4 12.b4 g5 13.Nf2 Nf6 14.Bd2 Ng6 15.c5 Rf7 16.Na4 Bf8
17.Rc1 Rg7 18.b5 h5 19.h3 Nh8 20.Bb4 Nf7 21.Qb3 Nh6 22.Qa3 g4 23.hxg4 hxg4
24.fxg4 Nfxg4 25.Bxg4 Nxg4 26.Bd2 dxc5 27.Qc3 Qg5 28.Nxg4 Bxg4 29.Nxc5 Bxc5+
30.Qxc5 Bh3 31.Rf2 Bxg2 32.Bxf4 exf4 {#R} 0-1

[Event "Ch Europe (juniors) (under 20) (g)"]
[Site "masterchessopen.com Zanka (Hungary)"]
[Round "2"]
[White "Decsey Katalin (HUN)"]
[Black "Hagarova Zuzana (SVK)"]
[Result "0-1"]
[WhiteElo "2074"]
[BlackElo "2215"]

1.d4 Nf6 2.c4 g6 3.Nc3 Bg7 4.e4 O-O 5.Nf3 d6 6.Be2 e5 7.O-O Nc6 8.d5 Ne7 9.Ne1
Ne8 10.Be3 f5 11.f3 f4 12.Bf2 g5 13.a4 h5 14.a5 Nf6 15.Nd3 g4 16.c5 Ng6 17.b4
g3 18.hxg3 fxg3 19.Bxg3 h4 20.Bf2 Nh5 21.Qe1 Qg5 22.Kh2 Ngf4 23.Nxf4 Qxf4+
24.g3 hxg3+ 25.Bxg3 Qh6 26.Kg2 Bh3+ 27.Kf2 Nxg3 28.Kxg3 Bf6 29.Rg1 Kf7 30.Kf2
Bh4+ 31.Rg3 Bxg3+ 32.Kxg3 Rg8+ 33.Kf2 Rg2+ 34.Kf1 Qe3 {#R} 0-1

[Event "Ch Europe (seniors) (team)"]
[Site "masterchessopen.com Dresden (Germany)"]
[Date "2010.02.15"]
[Round "6"]
[White "Van Dongen Rob (NED)"]
[Black "Muratoglu Salih (TUR)"]
[Result "0-1"]
[WhiteElo "1997"]
[BlackElo "2090"]

1.d4 Nf6 2.Nf3 g6 3.c4 Bg7 4.Nc3 O-O 5.e4 d6 6.Be2 Nc6 7.O-O e5 8.d5 Ne7 9.Ne1
Ne8 10.Be3 f5 11.f3 f4 12.Bf2 g5 13.b4 Ng6 14.c5 Rf7 15.cxd6 cxd6 16.a4 Nf6
17.a5 h5 18.Nb5 a6 19.Bb6 Qd7 20.Nc7 Rb8 21.Ba7 Qxc7 22.Rc1 Qd8 23.Bxb8 g4
24.Bxd6 g3 25.Bc5 Nd7 26.Kh1 Nxc5 27.Rxc5 Bd7 28.Bc4 Qh4 29.h3 Bxh3 30.Kg1
Bxg2 {#R} 0-1

[Event "Ch Europe (team) (juniors) (under 18) (g)"]
[Site "masterchessopen.com Balatonlelle (Hungary)"]
[Round "7"]
[White "Srebrnic Ana (SLO)"]
[Black "Dimitrijevic Aleksandra (SRB)"]
[Result "1-0"]
[WhiteElo "2242"]
[BlackElo "2369"]

1.Nf3 Nf6 2.c4 g6 3.Nc3 Bg7 4.e4 d6 5.d4 O-O 6.Be2 e5 7.O-O Nc6 8.d5 Ne7 9.Ne1
Ne8 10.Be3 f5 11.f3 f4 12.Bf2 g5 13.c5 Ng6 14.a4 Rf7 15.a5 Bf8 16.a6 b6
17.cxb6 cxb6 18.Nd3 h5 19.Nb4 Rg7 20.Nc6 Qf6 21.Nb5 Nh8 22.Nbxa7 Bd7 23.h3 Nf7
24.Bxb6 Nh6 25.Kf2 g4 26.Ke1 gxh3 27.gxh3 Bxh3 28.Rg1 h4 29.Rxg7+ Qxg7 30.Kd2
Bg2 31.Bg1 h3 32.b4 Nc7 33.b5 Nxb5 34.Nxb5 Qg3 35.Nc7 {#r} 1-0

[Event "Ch Europe (w)"]
[Site "masterchessopen.com Istanbul (Turkey)"]
[Round "4"]
[White "Zielinska Marta (POL)"]
[Black "Janjgava Natia (GEO)"]
[Result "1-0"]
[WhiteElo "2395"]
[BlackElo "2282"]

1.d4 Nf6 2.Nf3 g6 3.c4 Bg7 4.Nc3 O-O 5.e4 d6 6.Be2 e5 7.O-O Nc6 8.d5 Ne7 9.Ne1
a5 10.Be3 Nd7 11.a3 f5 12.f3 Nf6 13.c5 f4 14.Bf2 g5 15.g4 fxg3 16.hxg3 h5
17.Ng2 Ng6 18.Qd2 g4 19.cxd6 cxd6 20.Qg5 Kh7 21.Be3 Bd7 22.fxg4 hxg4 23.Rf2
Nh8 24.Nh4 Kg8 25.Nf5 Bxf5 26.Rxf5 Nf7 27.Qh4 Rc8 28.Raf1 Rxc3 29.bxc3 Nxe4
{#r} 1-0

[Event "Ch FEFB"]
[Site "masterchessopen.com Amay (Belgium)"]
[Date "2003.05.30"]
[Round "2"]
[White "Houdart David (BEL)"]
[Black "Uhoda Philippe (BEL)"]
[Result "1-0"]
[WhiteElo "2236"]
[BlackElo "2162"]

1.Nf3 g6 2.c4 Bg7 3.Nc3 d6 4.d4 Nf6 5.e4 O-O 6.Be2 e5 7.O-O Nc6 8.d5 Ne7 9.Ne1
Ne8 10.Be3 f5 11.f3 f4 12.Bf2 h5 13.a4 g5 14.a5 Rf6 15.c5 Rg6 16.Nb5 g4
17.cxd6 Nxd6 18.Nxa7 Bd7 19.Qb3 Kh8 20.Nb5 Nxb5 21.Bxb5 c6 22.dxc6 bxc6 23.Bb6
Qb8 24.Bc4 Nc8 25.Rd1 Nxb6 26.Qxb6 Qe8 27.Rf2 c5 28.Qc7 Bb5 29.Bf7 Qc6 30.Rd8+
Rxd8 31.Qxd8+ Kh7 32.Bxg6+ Kxg6 33.Rd2 {#r} 1-0

[Event "Ch FEFB"]
[Site "masterchessopen.com Charleroi (Belgium)"]
[Date "2001.06.02"]
[Round "5"]
[White "Denayer Eric (BEL)"]
[Black "Andre Damien (BEL)"]
[Result "1-0"]
[WhiteElo "2201"]
[BlackElo "2029"]

1.Nf3 Nf6 2.d4 g6 3.c4 Bg7 4.Nc3 d6 5.e4 O-O 6.Be2 e5 7.O-O Nc6 8.d5 Ne7 9.Ne1
Ne8 10.f3 f5 11.Nd3 f4 12.c5 g5 13.g4 fxg3 14.hxg3 Ng6 15.Be3 Nf4 16.Nf2 Qf6
17.Bb5 h5 18.Rc1 g4 19.fxg4 hxg4 20.Nd3 Bh6 21.Nxf4 exf4 22.Bxf4 Ng7 23.cxd6
cxd6 24.Bxh6 Qxh6 25.Rxf8+ Kxf8 26.Qf1+ Kg8 27.Qf4 Qh3 28.Qxd6 a6 29.Bf1 Qh7
30.Qd8+ Kf7 31.Ne2 Qxe4 32.Rc7+ Kg6 33.Nf4+ Kh7 34.Bd3 Bf5 35.Qh4+ {#r} 1-0

[Event "Ch Finland (schools)"]
[Site "masterchessopen.com Finland"]
[Round "0"]
[White "Nyback Tomi (FIN)"]
[Black "Kapanen Konsta (FIN)"]
[Result "1-0"]
[WhiteElo "2162"]
[BlackElo "2077"]

1.Nf3 Nf6 2.c4 g6 3.Nc3 Bg7 4.e4 d6 5.d4 O-O 6.Be2 Nc6 7.O-O e5 8.d5 Ne7 9.Ne1
Ne8 10.Be3 f5 11.f3 f4 12.Bf2 h5 13.g4 hxg4 14.fxg4 g5 15.h3 Kf7 16.Nf3 Ng6
17.c5 Rh8 18.Kg2 Nh4+ 19.Nxh4 gxh4 20.b4 Bh6 21.a4 Bg5 22.a5 a6 23.cxd6 Nxd6
24.Qc2 Kg6 25.b5 axb5 26.Nxb5 Rh7 27.Rfb1 Rf7 28.Kf3 Nxb5 29.Bxb5 Be7 30.a6 b6
31.Qc6+ {#r} 1-0

[Event "Ch Finland (team) 1996/97"]
[Site "masterchessopen.com Finland"]
[Round "5"]
[White "Lassila Erkki (FIN)"]
[Black "Laato Antti (FIN)"]
[Result "1-0"]
[WhiteElo "2300"]
[BlackElo "2195"]

1.d4 Nf6 2.c4 g6 3.Nc3 Bg7 4.e4 d6 5.Nf3 O-O 6.Be2 e5 7.O-O Nc6 8.d5 Ne7 9.Ne1
Ne8 10.Nd3 f5 11.Bd2 c5 12.a3 Bd7 13.f3 f4 14.b4 b6 15.bxc5 bxc5 16.Rb1 Rb8
17.Rxb8 Qxb8 18.Qc2 Nf6 19.Rb1 Qa8 20.Nb5 Bxb5 21.Rxb5 Rb8 22.Qb3 Nd7 23.Ba5
Rxb5 24.Qxb5 Qc8 25.Bd1 Kf7 26.Ba4 Ke8 27.Nf2 Ng8 28.Qc6 Ne7 29.Qxd6 Qb7
30.Bb5 Nc8 31.Qe6+ {#r} 1-0

[Event "Ch France (juniors) (under 14)"]
[Site "masterchessopen.com Le Grand Bornand (France)"]
[Date "2007.04.14"]
[Round "8"]
[White "Velten Paul (FRA)"]
[Black "Manoeuvre Antoine (FRA)"]
[Result "0-1"]
[WhiteElo "2035"]
[BlackElo "2090"]

1.d4 Nf6 2.Nf3 g6 3.c4 Bg7 4.Nc3 d6 5.e4 O-O 6.Be2 e5 7.O-O Nc6 8.d5 Ne7 9.Ne1
Ne8 10.Nd3 f5 11.f4 exf4 12.Nxf4 fxe4 13.Nxe4 Nf5 14.Kh1 Kh8 15.Bd3 c6 16.a4
Nc7 17.Ra3 cxd5 18.cxd5 Bd7 19.Bb1 Qe7 20.g4 Nh6 21.h3 Rae8 22.Qc2 Nxd5
23.Raf3 Nxf4 24.Bxf4 Nf7 25.Bg3 Bc6 26.Kh2 Ne5 27.R3f2 Rxf2+ 28.Rxf2 Rf8 29.b3
Nf3+ 30.Kg2 Ne1+ 31.Kg1 Nxc2 32.Bxd6 {#R} 0-1

[Event "Ch France (juniors) (under 18)"]
[Site "masterchessopen.com Aix les Bains (France)"]
[Round "3"]
[White "Fahys Jonathan (FRA)"]
[Black "Gamet Arnaud (FRA)"]
[Result "0-1"]
[WhiteElo "2017"]
[BlackElo "2103"]

1.d4 Nf6 2.Nf3 g6 3.c4 Bg7 4.Nc3 d6 5.e4 O-O 6.Be2 e5 7.O-O Nc6 8.d5 Ne7 9.Ne1
a5 10.Be3 Ne8 11.c5 f5 12.f3 f4 13.Bf2 g5 14.cxd6 Nxd6 15.a4 h5 16.Rc1 Bd7
17.Nd3 b6 18.b4 Rf7 19.b5 Ng6 20.Rc2 Bf8 21.Qa1 Rg7 22.Nb1 Nf7 23.Nd2 g4
24.Nc4 Qg5 25.d6 g3 26.dxc7 gxf2+ 27.Rxf2 Qf6 28.Bf1 Rc8 29.Ncb2 Bd6 30.Qc1
Ng5 31.Nd1 Be8 32.Nc3 Ne7 33.Nb1 {#R} 0-1

[Event "Ch France (open) (a)"]
[Site "masterchessopen.com Aix les Bains (France)"]
[Round "6"]
[White "Lorans Sylvain (FRA)"]
[Black "Quenehen Marc (FRA)"]
[Result "1-0"]
[WhiteElo "2186"]
[BlackElo "2070"]

1.Nf3 Nf6 2.c4 g6 3.Nc3 Bg7 4.e4 d6 5.d4 O-O 6.Be2 e5 7.O-O Nc6 8.d5 Ne7 9.Ne1
Ne8 10.f3 f5 11.g4 Kh8 12.Be3 Ng8 13.Ng2 Bh6 14.f4 Bg7 15.gxf5 gxf5 16.Kh1 Ne7
17.Bd3 fxe4 18.Nxe4 Nf5 19.fxe5 Bxe5 20.Bg5 Qd7 21.Rf3 Neg7 22.Qf1 Qe8 23.Re1
Qh5 24.Nf4 Qf7 25.Qh3 Bxf4 26.Rxf4 Nh5 27.Qf3 Nxf4 28.Qxf4 Ng7 29.Bf6 Rg8
30.Ng5 Qh5 31.Bxg7+ {#r} 1-0

[Event "Ch France (open) (c)"]
[Site "masterchessopen.com Caen (France)"]
[Date "2011.08.19"]
[Round "4"]
[White "Zounani Yacine (FRA)"]
[Black "Dubois Marie (FRA)"]
[Result "1-0"]
[WhiteElo "1591"]
[BlackElo "1755"]

1.d4 Nf6 2.c4 g6 3.Nc3 Bg7 4.e4 d6 5.Nf3 O-O 6.Be2 e5 7.O-O Nc6 8.d5 Ne7 9.Ne1
Ne8 10.Be3 f5 11.f3 Nf6 12.c5 f4 13.Bf2 h5 14.a4 g5 15.cxd6 cxd6 16.a5 g4
17.Nb5 gxf3 18.Bxf3 Ng4 19.Bxa7 Rxa7 20.Nxa7 Ne3 21.Qe2 Nxf1 22.Nxc8 Nxc8
23.Qxf1 h4 24.Nd3 Rf6 25.Rc1 Qd7 26.Nf2 Rg6 27.Qe2 Qd8 28.b4 Bh6 29.Rc4 Kh8
30.Qc2 Qg8 31.Rc7 Bg5 32.Rxb7 Bf6 33.a6 {#r} 1-0

[Event "Ch France (open) (c)"]
[Site "masterchessopen.com Pau (France)"]
[Date "2012.08.19"]
[Round "6"]
[White "Dautheville Simon"]
[Black "Daif Sarah"]
[Result "1-0"]
[WhiteElo "1782"]
[BlackElo "1717"]

1.d4 Nf6 2.c4 g6 3.Nc3 Bg7 4.e4 d6 5.Nf3 O-O 6.Be2 e5 7.O-O Nc6 8.d5 Ne7 9.Ne1
Ne8 10.Be3 f5 11.f3 f4 12.Bf2 h5 13.Nd3 g5 14.Rc1 Nf6 15.c5 a6 16.cxd6 cxd6
17.Na4 g4 18.Nb6 g3 19.Nxa8 gxf2+ 20.Nxf2 Ne8 21.Qc2 Rf7 22.Nc7 Bf8 23.Nh3 Rg7
24.Kh1 Kh8 25.Nxe8 Qxe8 26.Bd3 Qg6 27.Qf2 Qf6 28.Ng1 Ng6 29.Rxc8 {#r} 1-0

[Event "Ch France (team)"]
[Site "masterchessopen.com France"]
[Round "0"]
[White "Gachon Lionel (FRA)"]
[Black "Lagunes Jean-Renaud (FRA)"]
[Result "1-0"]
[WhiteElo "2278"]
[BlackElo "2089"]

1.d4 Nf6 2.c4 g6 3.Nc3 Bg7 4.e4 d6 5.Nf3 O-O 6.Be2 e5 7.O-O Nc6 8.d5 Ne7 9.Ne1
Ne8 10.Be3 f5 11.f3 f4 12.Bf2 g5 13.c5 Rf6 14.Rc1 Rg6 15.Nd3 h5 16.cxd6 cxd6
17.Qb3 Bf6 18.Nb5 g4 19.Nxa7 g3 20.Bb6 gxh2+ 21.Kh1 Qd7 22.Nxf4 exf4 23.Bb5 h4
24.Bxd7 Bxd7 25.Nc6 Kf7 26.Nd8+ Kg7 27.Ne6+ Bxe6 28.dxe6 Nc6 29.Bf2 Ra5
30.Qxb7+ Ne7 31.e5 dxe5 32.Qd7 Ra8 {#r} 1-0

[Event "Ch France (team) (2) 1997/98"]
[Site "masterchessopen.com France"]
[Round "6"]
[White "Daloz Jean-Michel (FRA)"]
[Black "Touzane Olivier (FRA)"]
[Result "0-1"]
[WhiteElo "2143"]
[BlackElo "2375"]

1.d4 Nf6 2.Nf3 g6 3.c4 Bg7 4.Nc3 O-O 5.e4 d6 6.Be2 e5 7.O-O Nc6 8.d5 Ne7 9.Ne1
Ne8 10.Nd3 f5 11.Bd2 Kh8 12.f4 fxe4 13.Nxe4 Bf5 14.Bf3 exf4 15.Nxf4 Bxb2
16.Ng5 Ng7 17.g4 Ng8 18.h4 Qf6 19.gxf5 Qd4+ 20.Kh1 Nxf5 21.Nge6 Qf6 22.Qe1 Rf7
23.Nd3 Bxa1 24.Qxa1 Qxa1 25.Rxa1 Nxh4 26.Bc3+ Nf6 27.Bg4 Kg8 28.Bh3 Ne4 29.Bb2
Rf3 30.Ndf4 g5 31.Rg1 Kf7 32.Bg4 Rg3 33.Bh5+ Ke7 34.Rf1 Rg2 35.Bg7 Nf5 {#R}
0-1